00668nai a2200169Ia 4500003000900000008004100009022002200050022002300072040001600095245005900111260008600170310001400256362002900270521006900299650003900368856009100407IN-BaIIA211028c9999 xx s 000 0 eng d a0096-1019 (Print) a2162-1349 (Online) cIIA Library 0aIRE Transactions on Ultrasonic Engineeringh[eJournal] aNew York, USAbThe Institute of Electrical and Electronics Engineers, Inc. (IEEE) aBiannualy aPGUE-3;1955 - 9(2); 1962 bSubscribed through National Knowledge Resource Consortium (NKRC) aFields, Waves and Electromagnetics uhttps://ieeexplore.ieee.org/servlet/opac?punumber=10324yClick Here to Access eJournal